000 00426nam a2200157 4500
001 45363
090 _a45363
100 _a20260102 pory50
101 _apor
102 _aPT
200 _aUma História um minuto
_fescrito Julie Harman , il. Sara Nowowiesja
_gtrad. rita Carvalho e Guerra
210 _aSintra
_cYoyo Books Portugal
_d[2024]
215 _a[24] p.
_ctodo il.
675 _a82-93
801 _aPT
_gRPC
990 _cLIVROS